350 plantas de jardín

Gespeichert in:
Bibliographische Detailangaben
1. Verfasser: Herwig, Rob (VerfasserIn)
Format: Buch
Sprache:Spanisch
Veröffentlicht: Barcelona Blume 1991
Schlagworte:
Tags: Tag hinzufügen
Keine Tags, Fügen Sie den ersten Tag hinzu!

MARC

LEADER 00000nam a2200000 a 4500
001 UCM2669
003 CL-VaPUC
008 020613e19910000SP |||||||||||||||||spa|d
082 0 4 |a 635.966  |b HER  |2 21 
100 0 |a Herwig, Rob  |e author  |9 469393 
245 1 0 |a 350 plantas de jardín 
300 |a 200 p 
942 |c BK 
945 |d 20020613 00:00:00  |a cmena 
260 |a Barcelona  |b Blume  |c 1991 
650 0 |a Floricultura  |9 264401 
650 0 |a Flores de corte  |9 469394 
650 7 |a FLORES ORNAMENTALES  |2 CL-VaPUC  |9 469395 
583 |a last modification  |c 20020613 00:00:00  |k Rodrigo Vera 
999 |c 300398  |d 300396 
952 |0 0  |1 0  |4 0  |6 635_966000000000000_HER_1991  |7 0  |8 A  |9 358101  |a BIBAGR  |b BIBAGR  |d 2019-11-21  |i 3818195  |l 1  |o 635.966 HER 1991  |p 3818195  |r 2025-01-20  |s 2021-06-15  |w 2019-11-21  |y BK  |k AGR